100 Most Popular Roblox Games 2022 VERSION - Statistics

General Stats
  • This quiz has been taken 10 times
  • The average score is 25 of 100
Answer Stats
# Visits Answer Creator % Correct
1 29.5B Adopt Me! DreamCraft
88%
2 21.7B Brookhaven Wolfpaq
88%
14 4.22B Arsenal ROLVe Community
75%
13 4.44B BedWars Easy.gg
75%
10 5.96B Jailbreak Badimo
75%
4 14.2B MeepCity alexnewtron
75%
6 8.64B Murder Mystery 2 Nikilis
75%
62 1.10B Pet Simulator! BIG Games Simulators
75%
55 1.22B Robloxian High School Robloxian High School Group
75%
7 8.01B Royale High callmehbob
75%
11 4.98B Pet Simulator X! BIG Games Simulators
63%
5 10.8B Piggy MiniToon
63%
9 6.46B Welcome to Bloxburg Coeptus
63%
15 3.95B Work at a Pizza Place Dued1
63%
24 1.99B Bee Swarm Simulator Onett
50%
36 1.61B Da Hood Da Hood Entertainment
50%
31 1.76B Fashion Famous Fashion Famous
50%
22 2.09B Natural Disaster Survival Stickmasterluke
50%
3 18.8B Tower of Hell YXCeptional Studios
50%
8 7.25B Blox Fruits Gamer Robot
38%
35 1.61B Break In Cracky4
38%
27 1.87B Epic Minigames TypicalType
38%
17 3.23B Flee the Facility A.W. Apps
38%
43 1.34B Phantom Forces StyLiS Studios
38%
37 1.60B Ragdoll Engine mr_beanguy
38%
84 780M Restaurant Tycoon 2 Ultraw
38%
41 1.38B SharkBite Abracadabra
38%
25 1.94B Super Hero Tycoon Super Heroes™
38%
65 1.05B 3008 daveburger0
25%
63 1.08B Breaking Point Paradox
25%
73 830M Doomspire Brickbattle Temple of Brickbattle
25%
78 798M Easy Obby zknx
25%
23 2.07B Hide and Seek Extreme Tim7775
25%
29 1.85B Islands Easy.gg
25%
85 768M Loomian Legacy Llama Train Studio
25%
70 941M Lumber Tycoon 2 Defaultio
25%
20 2.28B Mad City Schwifty Studios
25%
60 1.12B Mega Fun Obby Bloxtun
25%
21 2.11B Prison Life Aesthetical
25%
80 791M SKYWARS 16bitplay Games
25%
54 1.24B Speed Run 4 Vurse
25%
49 1.30B Survive and Kill the Killers in Area 51 !!! homermafia1
25%
71 933M Theme Park Tycoon 2 Den_S
25%
12 4.45B All Star Tower Defense Top Down Games
13%
68 982M Anime Fighters Simulator Sulley
13%
44 1.33B Anime Fighting Simulator BlockZone
13%
87 749M Assassin! prisman
13%
51 1.26B BIG Paintball! BIG Games™
13%
75 820M Broken Bones IV Zaquille
13%
18 2.64B Build A Boat For Treasure Chillz Studios
13%
76 800M Car Crushers 2 Car crusher official group
13%
64 1.06B Car Dealership Tycoon Foxzie's Productions
13%
99 665M Clone Tycoon 2 Ultraw
13%
69 957M Counter Blox ROLVe Community
13%
89 720M Dragon Ball Rage iDracius
13%
74 827M Escape Running Head manato48
13%
93 713M Escape The Castle Fortress! Obby PlatinumFalls
13%
96 670M Escape The Dungeon Obby! PlatinumFalls
13%
90 719M Family Paradise Partyblox
13%
40 1.41B Funky Friday Lyte Interactive
13%
91 718M Granny GabStudio
13%
58 1.14B Kitty GabStudio
13%
61 1.11B Knife Ability Test Fierzaa
13%
19 2.38B Livetopia Century Makers
13%
39 1.43B Mega Easy Obby Authentic Creations
13%
77 799M Mining Simulator Rumble Studios.
13%
66 1.04B Muscle Legends Scriptbloxian Studios
13%
92 718M Parkour! DevelopeTycoon
13%
83 782M RoCitizens Firebrand1
13%
79 798M Ro-Ghoul SushiWalrus
13%
46 1.31B Spider RoyStanford
13%
72 908M Squid Game Trendsetter Games
13%
86 756M Strongman Simulator The Gang Stockholm
13%
45 1.32B Survive the Killer! Slyce Entertainment
13%
38 1.48B The Floor is LAVA! TheLegendOfPyro
13%
26 1.92B Tower Defense Simulator Paradoxum Games
13%
82 784M Tower of Fun Wavelength
13%
16 3.23B Tower of Misery Limitless Studio
13%
94 693M TTD 3 Emotes CO.
13%
95 683M Wacky Wizards Whacky Wizards
13%
67 1.00B Weight Lifting Simulator 3 Flamin' Studios™
13%
56 1.21B Your Bizarre Adventure Bizarre Studios®
13%
81 789M Animal Simulator ragnar9878
0%
88 746M Bakon Pink Beard Games
0%
57 1.21B Bubble Gum Simulator Rumble Studios.
0%
30 1.79B Club Roblox Block Evolution Studios
0%
47 1.31B Color Block 11aganfy
0%
33 1.66B Dungeon Quest! vCaffy
0%
98 667M Field Trip Z Splitting Point Studios
0%
59 1.13B FREE ADMIN Creator_Studio
0%
48 1.31B Gacha Online SnowdustDev
0%
32 1.68B King Legacy Thai Piece
0%
52 1.25B Legends Of Speed Scriptbloxian Studios
0%
53 1.25B Lucky Block Battlegrounds silky_dev
0%
34 1.61B Ninja Legends Scriptbloxian Studios
0%
28 1.85B Shindo Life RELL World
0%
50 1.27B Twilight Daycare Nighty Studio
0%
100 655M Ultimate Tower Defense Strawberry Peels
0%
42 1.37B Zombie Attack wenlocktoad vs indra
0%
97 668M Zombie Rush Beacon Studio
0%
No matching quizzes found
Score Distribution
Percent of People with Each Score
Percentile by Number Answered
Your Score History
You have not taken this quiz